000 01150nam a2200301 i 4500
003 EG-GICUC
005 20260430092132.0
008 260430s1898 fr |||fr|||| 00| 0 fre d
040 _aEG-GiCUC
_bfre
_cEG-GiCUC
_dEG-GiCUC
_eRda
041 _afre
082 0 4 _221
_a343.3
_bDA . C
092 0 4 _221
099 _aLaw1 10 343.3 DA . C 1898
100 1 _aDALLOZ, ÉDOUARD
_eAuteur
245 _aLES CODES ANNOTÉS CODE D'INSTRUCTION CRIMINELLE :
_bANNOTE ET EXPLIQUE D'APRÈS LA JURISPRUDENCE ET LA DOCTRINE Asce renvois au Répertoire alphabétique, son Supplément et an Recueil périodique de MM. DALOZ /
_cÉDOUARD DALLOZ , CHARLES VERGÉ
264 1 _aParis :
_bA'U BUREAU DE LA JURISPRUDENCE GÉNÉRALE,
_c1898.
300 _a1326 page ;
_c 24 cm.
336 _2rda contenu
_a texte
337 _2rda medias
_aOrdinateur
338 _2 transporteur rda
_a Ressource en ligne
546 _aTexte en français
650 1 4 _aDroit de procédure pénale
_2qrmak
651 1 _2qrmak
700 1 _aVERGÉ, CHARLES
_eCo-Auteur
856 4 0 _uhttps://fll.law.cu.edu.eg/fulltext/bks/B10-11997.pdf
905 _a161
942 _2ddc
_cBK
_e21
_n0
999 _c74405
_d74405